Obálka Náhled e-knihy:
Epub
Pro půjčování e-knih musíte být přihlášeni.
Jak si půjčit online?

Mládí v hajzlu : deník Twispových v turbulentních časech. Povolení prudit /

Další pokračování humorné twispovské ságy.

Uloženo v:
Série:Mládí v hajzlu, část 9
Hlavní autor: Payne, C. D. 1949- (Autor)
Další autoři: Funioková, Naďa, 1970- (Autor)
Médium: E-kniha
Jazyk:Czech
Vydáno: V Brně : Jota, 2019
Vydání:Vydání první
Témata:
Příbuzné jednotky:Z cyklu:: Mládí v hajzlu
Tagy:
Žádné tagy
LEADER 02694nam a2200493 i 4500
001 311110
003 CZ PrSKC
005 20260601215659.0
007 ta
008 191021s2019 xr d 000 f cze
015 |a cnb003154949 
020 |a 9788075655073  |q (vázáno) :  |c Kč 298,00 
035 |a (OCoLC)1130277760 
040 |a ABG001  |b cze  |d ABA001  |e rda 
041 1 |a cze  |h eng 
072 7 |a 821.111(73)-3  |x Americká próza  |2 Konspekt 
072 7 |a 821-93  |x Literatura pro děti a mládež (beletrie)  |2 Konspekt 
080 |a 821.111(73)-31  |2 MRF 
080 |a 821-93  |2 MRF 
080 |a (0:82-311.5)  |2 MRF 
100 1 |a Payne, C. D.  |q (C. Douglas),  |d 1949-  |7 jn20001005609  |4 aut 
240 1 0 |a Licensed to revolt.  |l Česky 
245 1 0 |a Mládí v hajzlu :  |b deník Twispových v turbulentních časech.  |p Povolení prudit /  |c C.D. Payne ; z anglického originálu Licensed to revolt (The journals of Twisps on the move, Book 9) přeložila Naďa Funioková 
246 3 0 |a Povolení prudit 
250 |a Vydání první 
264 1 |a V Brně :  |b Jota,  |c 2019 
300 |a 299 stran ;  |c 21 cm 
336 |a text  |b txt  |2 rdacontent 
337 |a bez média  |b n  |2 rdamedia 
338 |a svazek  |b nc  |2 rdacarrier 
520 2 |a Další pokračování humorné twispovské ságy.  |b Patriarcha rodu uvažuje o tom, že obnoví žonglérskou kariéru a mladý Nick si přivydělává kydáním sloního trusu. Ani jeho milostný život se nerozvíjí zrovna utěšeně. Cal s ním odmítla prožít noc plnou vášně, kterou mu slíbila, a vyměnila ho za hezouna Fabiana. Na druhou stranu se ale ve městě objeví půvabná Almy, vnučka Trenta Prestona. Že by se snad blýskalo na lepší časy? Jenže v životě Twispů není nic úplně jednoduché a jejich minulost ještě neodhalila všechna svá tajemství... Nakladatelská anotace. Kráceno. 
655 7 |a americké romány  |7 fd131796  |2 czenas 
655 7 |a humoristické romány  |7 fd132431  |2 czenas 
655 7 |a publikace pro mládež  |7 fd133157  |2 czenas 
655 9 |a American fiction  |2 eczenas 
655 9 |a humorous novels  |2 eczenas 
655 9 |a juvenile literature  |2 eczenas 
700 1 |a Funioková, Naďa,  |d 1970-  |7 jx20051130019  |4 trl 
787 0 8 |i Z cyklu:  |t Mládí v hajzlu  |g 9 
900 |a ABA001  |b 21 
044 |a xr 
910 |a RBIT002 
998 |d 202436  |a https://core.palmknihy.cz/api/books/202436/cover?q0k3xn  |b https://core.palmknihy.cz/api/books/202436/cover/400?q0k3xn  |c https://core.palmknihy.cz/api/books/202436/cover/50?q0k3xn  |e 2028-09-27  |g 300  |i 9788075655073  |j https://core.palmknihy.cz/api/books/202436/preview.epub  |l   |q 49  |r 1  |s https://www.palmknihy.cz/kniha/202436  |t ebook  |y 2019  |z 0  |v Mládí v hajzlu  |w 9 
999 |d 311108